000 01069nam a2200289Ia 4500
003 OSt
005 20221005111343.0
006 a|||||r|||| 00| 0
007 ta
008 221004b |||||||| |||| 00| 0 hin d
020 _a9788181438201 (hbk)
_c125
024 _a11913
037 _b336, 20/03/2014, Vani Prakashan
_cTextual
040 _aCRL
_cCRL
_bhin
041 _2hin
_ahin
082 _aO168,3N12x, 152Q1
100 _aमंटो
245 0 _aमेरठ की कैंची
246 _aMeraṭh kī kaianchī
260 _aनई दिल्ली
_bवाणी प्रकाशन भारत
_c2011
300 _a80पृ0
_ccm.
490 _aमंटो अब तक; 3
650 _aहिन्दी साहित्य
700 _a ज़ौक़ी, मुशर्रफ़ आलम, संपा.
942 _hO168,3N12x, 152Q1
_cTEXL
_2cc
999 _c1021581
_d1021581